О гипнозе и внушении / (Record no. 259375)
[ view plain ]
| 000 -LEADER | |
|---|---|
| fixed length control field | 00937nam a2200217 a 4500 |
| 001 - CONTROL NUMBER | |
| control field | 000700628 |
| 003 - CONTROL NUMBER IDENTIFIER | |
| control field | AM-YeHGA |
| 005 - DATE AND TIME OF LATEST TRANSACTION | |
| control field | 20250617142524.0 |
| 008 - FIXED-LENGTH DATA ELEMENTS--GENERAL INFORMATION | |
| fixed length control field | 091201s1966 ||| r 000 0 rus d |
| 040 ## - CATALOGING SOURCE | |
| Original cataloging agency | AM-YeHGA |
| 041 0# - LANGUAGE CODE | |
| Language code of text/sound track or separate title | rus |
| 090 ## - LOCALLY ASSIGNED LC-TYPE CALL NUMBER (OCLC); LOCAL CALL NUMBER (RLIN) | |
| -- | 260985 |
| 100 1# - MAIN ENTRY--PERSONAL NAME | |
| Personal name | Герке, Р. П. |
| 245 10 - TITLE STATEMENT | |
| Title | О гипнозе и внушении / |
| Statement of responsibility, etc. | Р.П. Герке; Латвийский НИИ экспериментальной и клинической медицины М-ва здравоохранения Латв.ССР. |
| 260 ## - PUBLICATION, DISTRIBUTION, ETC. | |
| Place of publication, distribution, etc. | Рига : |
| Name of publisher, distributor, etc. | Зинатне, |
| Date of publication, distribution, etc. | 1966. |
| 300 ## - PHYSICAL DESCRIPTION | |
| Extent | 75 с. |
| 504 ## - BIBLIOGRAPHY, ETC. NOTE | |
| Bibliography, etc. note | Библиогр.: с. 74 |
| 653 0# - INDEX TERM--UNCONTROLLED | |
| Uncontrolled term | Гипноз |
| 653 0# - INDEX TERM--UNCONTROLLED | |
| Uncontrolled term | Внушение |
| 710 2# - ADDED ENTRY--CORPORATE NAME | |
| Corporate name or jurisdiction name as entry element | Латвийский научно-исследовательский институт экспериментальной и клинической медицины М-ва здравоохранения Латв.ССР |
| Withdrawn status | Lost status | Damaged status | Not for loan | Collection | Home library | Current library | Date acquired | Total checkouts | Full call number | Barcode | Date last seen | Price effective from | Koha item type | Public note |
|---|---|---|---|---|---|---|---|---|---|---|---|---|---|---|
| General | Fundamental Scientific Library | Fundamental Scientific Library | 29/12/2016 | PI/16320 | FL0136510 | 29/12/2016 | 29/12/2016 | Գրքեր / Books | 30 Days Loan | |||||
| General | Fundamental Scientific Library | Fundamental Scientific Library | 29/12/2016 | PI/16637 | FL0137794 | 29/12/2016 | 29/12/2016 | Գրքեր / Books | 30 Days Loan |
ՀՀ Գիտությունների ազգային ակադեմիայի հիմնարար գիտական գրադարան = Fundamental Scientific Library of NAS RA
All site content, except where otherwise noted, is licensed under a